[Event "Championnat de France - Vétérans"]
[Site "PAU"]
[Date "2012.08.23"]
[Round "9.2"]
[White "Rosenfeld, Imre"]
[Black "Giffard, Nicolas"]
[Result "0-1"]
[WhiteElo "1898"]
[BlackElo "2363"]
[PlyCount "80"]

1. d4 f5 2. Bg5 h6 3. Bh4 c5 4. e3 Qb6 5. b3 g6 6. Nf3 Bg7 7. Bg3 cxd4 8. exd4
Nc6 9. c3 d6 10. Bf4 Nf6 11. Bd3 g5 12. Bc1 O-O 13. Bb2 e5 14. dxe5 dxe5 15.
Bc4+ Kh8 16. O-O f4 17. Re1 Bg4 18. Nbd2 Rfd8 19. Qc2 Bxf3 20. Nxf3 e4 21. Nd4
Nxd4 22. cxd4 e3 23. fxe3 Ng4 24. Qe2 Nxe3 25. Kh1 Bxd4 26. Bxd4+ Rxd4 27. Rac1
Rad8 28. Qh5 Qf6 29. Be2 R4d7 30. h3 Kg7 31. Bg4 Re7 32. Be2 Nf5 33. Kh2 Rde8
34. Rc2 Nd4 35. Rd1 f3 36. Rxd4 Qxd4 37. Qxf3 Re3 38. Qxb7+ R8e7 39. Qb5 Rxh3+
40. gxh3 Qf2+ 0-1

[Event "Championnat de France - Vétérans"]
[Site "PAU"]
[Date "2012.08.23"]
[Round "9.3"]
[White "Dussol, Pierre"]
[Black "Ruiz, Richard"]
[Result "1-0"]
[WhiteElo "2210"]
[BlackElo "2119"]
[PlyCount "121"]

1. d4 d6 2. e4 g6 3. Nc3 Bg7 4. Be3 c6 5. Nf3 Nf6 6. h3 O-O 7. Qd2 Qc7 8. Bd3
Nbd7 9. O-O a6 10. Ne2 c5 11. c3 b5 12. Ng3 Nb6 13. Bh6 e5 14. dxe5 dxe5 15.
Qg5 Bxh6 16. Qxh6 Ne8 17. Rae1 f6 18. h4 Qg7 19. Qe3 Qe7 20. Nh2 Be6 21. f4
exf4 22. Rxf4 Rd8 23. h5 Qd6 24. Rd1 Nc4 25. Bxc4 Qxd1+ 26. Rf1 Qd7 27. Bxe6+
Qxe6 28. hxg6 hxg6 29. Qxc5 Rd3 30. Qf2 Qe5 31. Nf3 Qf4 32. Re1 Ng7 33. Qe2
Rfd8 34. Nf1 R3d6 35. a4 bxa4 36. Qc4+ Kh7 37. Ne3 Qg3 38. Nd5 Nh5 39. Rf1 R8d7
40. Nd2 Qg5 41. Qd4 Kh6 42. Nf3 Qg3 43. c4 Nf4 44. Qd2 g5 45. Nd4 Kg6 46. Nf5
Qg4 47. Nxd6 Ne2+ 48. Kf2 Ng3 49. Re1 Qh4 50. Ke3 Rxd6 51. Ne7+ Kf7 52. Qxd6
Nf5+ 53. Nxf5 Qxe1+ 54. Kd4 Qd2+ 55. Kc5 Qa5+ 56. Kc6 Kg6 57. Qf8 Kh5 58. Qxf6
a3 59. bxa3 Qxa3 60. Qh6+ Kg4 61. Qh3+ 1-0

[Event "Championnat de France - Vétérans"]
[Site "PAU"]
[Date "2012.08.23"]
[Round "9.4"]
[White "Tilquin, Jean-Pierre"]
[Black "Hoyer, Hans-Gerd"]
[Result "1/2-1/2"]
[WhiteElo "2000"]
[BlackElo "1990"]
[PlyCount "101"]

1. d4 d6 2. Nf3 Bg4 3. c4 e5 4. dxe5 Bxf3 5. exf3 dxe5 6. Qxd8+ Kxd8 7. Nc3 c6
8. f4 Nd7 9. fxe5 Nxe5 10. Bf4 f6 11. O-O-O+ Kc7 12. Ne4 Rd8 13. Be2 Be7 14.
Rxd8 Kxd8 15. Rd1+ Kc7 16. Bg4 h5 17. Be6 Kb6 18. Be3+ Kc7 19. f4 Ng6 20. c5
Nf8 21. Bh3 g6 22. g3 f5 23. Nd6 Nf6 24. Bg2 N8d7 25. b4 b6 26. Nf7 Re8 27.
cxb6+ axb6 28. Bd2 Rf8 29. Ng5 Rc8 30. Bc3 b5 31. Nf7 Ra8 32. Kb2 Nb6 33. Ne5
Nfd5 34. Bxd5 Nxd5 35. Nxg6 Bd6 36. Re1 Nxc3 37. Kxc3 Rxa2 38. Nh4 Rxh2 39.
Nxf5 Rh3 40. Re4 Kd7 41. Rd4 Ke6 42. Nxd6 Rxg3+ 43. Kc2 h4 44. f5+ Ke5 45. Rxh4
Kxd6 46. Rf4 Ke7 47. Re4+ Kd6 48. Rf4 Ke7 49. Re4+ Kd6 50. Rf4 Ke7 51. Re4+
1/2-1/2

[Event "Championnat de France - Vétérans"]
[Site "PAU"]
[Date "2012.08.23"]
[Round "9.5"]
[White "Grizou, Regis"]
[Black "Andrieu, Philippe"]
[Result "1/2-1/2"]
[WhiteElo "2159"]
[BlackElo "1890"]
[PlyCount "78"]

1. d4 d5 2. Nf3 Nf6 3. c4 e6 4. Nc3 Bb4 5. Bg5 c5 6. e3 Nbd7 7. cxd5 exd5 8.
Bd3 c4 9. Bf5 Bxc3+ 10. bxc3 Qa5 11. Qc2 O-O 12. O-O Re8 13. Nd2 g6 14. Bxd7
Nxd7 15. f3 Nf8 16. Rae1 b5 17. e4 Bb7 18. e5 Ne6 19. Be3 b4 20. cxb4 Qxb4 21.
f4 Qe7 22. f5 Nf8 23. Rf3 Bc8 24. g4 Nd7 25. Ref1 Nxe5 26. dxe5 Qxe5 27. Bh6
Qd4+ 28. Kh1 Qxg4 29. fxg6 hxg6 30. Rxf7 d4 31. Qxc4 Be6 32. Rg7+ Kh8 33. Rff7
Bxf7 34. Qxf7 Re1+ 35. Nf1 Qe4+ 36. Kg1 Qg4+ 37. Kh1 Qe4+ 38. Kg1 Qg4+ 39. Kh1
Qe4+ 1/2-1/2

[Event "Championnat de France - Vétérans"]
[Site "PAU"]
[Date "2012.08.23"]
[Round "9.6"]
[White "Pont, Jean-Claude"]
[Black "Birens, Eric-Andre"]
[Result "1/2-1/2"]
[WhiteElo "1865"]
[BlackElo "1955"]
[Annotator "Rivier,Sylvain"]
[PlyCount "79"]

1. d4 Nf6 2. Nf3 c5 3. c3 g6 4. Bf4 Bg7 5. e3 O-O 6. h3 b6 7. Nbd2 Bb7 8. Be2
d6 9. O-O Nbd7 10. Bh2 Re8 11. Qb3 cxd4 12. cxd4 e5 13. dxe5 dxe5 14. Rad1 Qe7
15. Bb5 Rac8 16. Qa4 a6 17. Bxd7 Nxd7 18. Nb3 b5 19. Qg4 Nf6 20. Qg5 Bxf3 21.
gxf3 h6 22. Qh4 Rc4 23. e4 g5 24. Qg3 Kh7 25. Rd2 Ra4 26. a3 Rc4 27. Rfd1 Rc7
28. Rd6 Rd7 29. Rxd7 Nxd7 30. Qg4 Nf8 31. Qf5+ Kg8 32. Rd5 Rd8 33. Rxd8 Qxd8
34. Nc1 Qd6 35. b4 Ng6 36. Qc8+ Bf8 37. Bg3 a5 38. Kg2 axb4 39. axb4 h5 {suite
illisible} 40. Nd3 1/2-1/2

[Event "Championnat de France - Vétérans"]
[Site "PAU"]
[Date "2012.08.23"]
[Round "9.7"]
[White "Darrigues, Alain"]
[Black "Mercier, Pierre"]
[Result "1-0"]
[WhiteElo "1955"]
[BlackElo "1770"]
[PlyCount "59"]

1. d4 d5 2. c4 e6 3. Nc3 Nf6 4. cxd5 exd5 5. Bg5 Be7 6. Qc2 Nbd7 7. e3 O-O 8.
Bd3 c6 9. Nf3 Re8 10. O-O Nf8 11. Rab1 a5 12. a3 Ne4 13. Bf4 g5 14. Be5 f6 15.
Bg3 Nxc3 16. Qxc3 Ng6 17. Qc2 Kg7 18. Rbe1 Be6 19. h4 Bg4 20. hxg5 Bxf3 21.
gxf6+ Bxf6 22. Bxg6 hxg6 23. gxf3 Rh8 24. Kg2 Qd7 25. Rh1 Qe7 26. Reg1 Bh4 27.
Be5+ Bf6 28. Kf1 Qf7 29. Bxf6+ Qxf6 30. Rxg6+ 1-0

[Event "Championnat de France - Vétérans"]
[Site "PAU"]
[Date "2012.08.23"]
[Round "9.8"]
[White "Peyrin, Jean"]
[Black "Pinchon, Henri"]
[Result "0-1"]
[WhiteElo "1949"]
[BlackElo "1886"]
[PlyCount "176"]

1. d4 Nf6 2. c4 c5 3. d5 b5 4. cxb5 a6 5. bxa6 d6 6. Nc3 g6 7. g3 Bg7 8. Nh3
O-O 9. Nf4 Nbd7 10. h4 h5 11. Qc2 Ne5 12. Bg2 Bxa6 13. O-O Qa5 14. b3 Rfb8 15.
Bd2 Qb6 16. Rab1 Qa7 17. Ne4 Bc8 18. a4 Nfg4 19. Ng5 c4 20. bxc4 Rxb1 21. Qxb1
Qxa4 22. Be4 Qxc4 23. Bd3 Nxd3 24. Qxd3 Qxd3 25. Nxd3 Nf6 26. e4 Ba6 27. Ra1
Nd7 28. Ra3 Nb6 29. Nb4 Nc4 30. Rxa6 Rxa6 31. Nxa6 Nxd2 32. Kg2 f6 33. Ne6 Nxe4
34. Nac7 f5 35. f3 Nc3 36. Kf2 Bf6 37. Ke3 Be5 38. Kf2 Na4 39. f4 Bc3 40. Ke2
Ba5 41. Nb5 Bb6 42. Kf3 Nb2 43. Kg2 Nc4 44. Kf3 Nd2+ 45. Kg2 Ne4 46. Kf3 Ba5
47. Kg2 Be1 48. Ng5 Nf6 49. Nc7 Ba5 50. Nge6 Bxc7 51. Nxc7 Kf7 52. Kf3 Ne4 53.
Ne6 Nf6 54. Nc7 Nd7 55. Ke3 Nc5 56. Nb5 Kf6 57. Nc7 Ne4 58. Kf3 Kf7 59. Kg2 Nc5
60. Kf3 e6 61. dxe6+ Nxe6 62. Nd5 Nc5 63. Ke3 Ne4 64. Kf3 Ke6 65. Nc7+ Kf7 66.
Nd5 Ke8 67. Kg2 Kf7 68. Kf3 Nd2+ 69. Ke3 Nb3 70. Kd3 Nc5+ 71. Ke3 Ne6 72. Nc3
Nc7 73. Kd4 Ke6 74. Na4 Nd5 75. Nb2 Nf6 76. Ke3 Kd5 77. Nd3 Ng4+ 78. Kf3 Kc4
79. Nb2+ Kb3 80. Nd3 Kc3 81. Ke2 Nf6 82. Ne1 Ne4 83. Nf3 Nxg3+ 84. Ke3 Ne4 85.
Nd4 d5 86. Ne6 Nd6 87. Nf8 d4+ 88. Ke2 Kc2 0-1

[Event "Championnat de France - Vétérans"]
[Site "PAU"]
[Date "2012.08.23"]
[Round "9.9"]
[White "Dubreuil, Remy"]
[Black "Cortes, Jaime"]
[Result "1/2-1/2"]
[WhiteElo "1854"]
[BlackElo "1895"]
[Annotator "Rivier,Sylvain"]
[PlyCount "63"]

1. b3 d5 2. Bb2 Nf6 3. e3 Nbd7 4. Nf3 e6 5. Be2 Be7 6. O-O O-O 7. d4 b6 8. Nbd2
Bb7 9. Rc1 c5 10. c3 Rc8 11. Ne5 Ne4 12. Nxd7 Qxd7 13. Nf3 f6 14. Bd3 Bd6 15.
Nd2 Nxd2 16. Qxd2 f5 17. b4 Rc7 18. Qe2 a5 19. a4 Bc6 20. Ra1 Rcc8 21. Ba6 Rb8
22. Ba3 Qe7 23. Rfc1 Be8 24. Bb2 g5 25. g3 g4 26. Bd3 h5 27. c4 Bg6 28. Qe1 Qd8
29. Qc3 Bh7 30. Rc2 h4 31. Rf1 Rb7 32. Kg2 {suite illisible} 1/2-1/2

[Event "Championnat de France - Vétérans"]
[Site "PAU"]
[Date "2012.08.23"]
[Round "9.10"]
[White "Guillaumat, Jean-Pierre"]
[Black "Violeau, Jean-Luc"]
[Result "1/2-1/2"]
[WhiteElo "1839"]
[BlackElo "1887"]
[PlyCount "94"]

1. d4 d5 2. Nf3 Nf6 3. b4 Bf5 4. e3 e6 5. a3 c6 6. Nbd2 Nbd7 7. c4 Be7 8. Bb2
O-O 9. Be2 h6 10. O-O Rc8 11. Qb3 Qc7 12. h3 Qb8 13. Rac1 a6 14. c5 Rfe8 15.
Ne5 Nxe5 16. dxe5 Nd7 17. f4 Bh7 18. Bd3 Bxd3 19. Qxd3 f5 20. Nf3 Nf8 21. g4 g6
22. Rc2 Rc7 23. Rg2 fxg4 24. Rxg4 Bd8 25. Kh1 Rg7 26. Rfg1 Qc7 27. Nd4 Qf7 28.
f5 g5 29. e4 dxe4 30. Qxe4 Kh8 31. f6 Rg6 32. h4 Nh7 33. Bc1 h5 34. R4g2 g4 35.
Ne2 Bc7 36. Ng3 Reg8 37. Bh6 Rd8 38. Bg7+ Rxg7 39. fxg7+ Kxg7 40. Rf1 Qe8 41.
Rgf2 Rd7 42. Kg2 Bd8 43. Rh1 Bc7 44. Rhf1 Bd8 45. Rh1 Bc7 46. Rhf1 Bd8 47. Rh1
Bc7 1/2-1/2

[Event "Championnat de France - Vétérans"]
[Site "PAU"]
[Date "2012.08.24"]
[Round "10.1"]
[White "Weill, Roland"]
[Black "Dussol, Pierre"]
[Result "1-0"]
[WhiteElo "2185"]
[BlackElo "2210"]
[PlyCount "85"]

1. c4 g6 2. Nc3 Bg7 3. Nf3 c5 4. g3 Nc6 5. Bg2 d6 6. d3 Bg4 7. h3 Bd7 8. Bd2 a6
9. a3 b5 10. O-O bxc4 11. dxc4 Rb8 12. Rb1 Nf6 13. Nd5 Ne4 14. Bf4 e6 15. Qc2
f5 16. Nc3 Nxc3 17. bxc3 e5 18. Bd2 e4 19. Bg5 Qc7 20. Nd2 O-O 21. f3 exf3 22.
Nxf3 Rbe8 23. Bf4 Rf6 24. Ng5 h6 25. Bd5+ Kh8 26. Nf7+ Kh7 27. Qd2 g5 28. Bxd6
Rxd6 29. Nxd6 Nd4 30. Nxe8 Qxg3+ 31. Bg2 Be6 32. e4 Be5 33. Nf6+ Kg6 34. Rf2
fxe4 35. Ng4 Bf4 36. cxd4 e3 37. Qc2+ Kh5 38. d5 exf2+ 39. Qxf2 Qd3 40. Rb6 Bg3
41. Qxg3 Qxg3 42. Rxe6 Kh4 43. Rxh6# 1-0

[Event "Championnat de France - Vétérans"]
[Site "PAU"]
[Date "2012.08.24"]
[Round "10.2"]
[White "Giffard, Nicolas"]
[Black "Ruiz, Richard"]
[Result "1-0"]
[WhiteElo "2363"]
[BlackElo "2119"]
[PlyCount "115"]

1. d4 Nf6 2. c4 g6 3. Nc3 Bg7 4. Bg5 d6 5. e3 Nbd7 6. Nf3 c5 7. Be2 O-O 8. O-O
Rb8 9. h3 a6 10. a4 b6 11. Bf4 Ne8 12. Bh2 Nc7 13. Re1 Bb7 14. d5 Bc8 15. e4 f6
16. Nd2 Ne5 17. f4 Nf7 18. Nf3 Bd7 19. Bf1 g5 20. e5 fxe5 21. fxg5 Bf5 22. Nh4
e6 23. Nxf5 exf5 24. h4 Qd7 25. Bd3 e4 26. Bc2 Be5 27. Bxe5 Nxe5 28. b3 Qg7 29.
Re3 Rbe8 30. Rh3 Ng6 31. Ne2 Qe5 32. h5 Nf4 33. Nxf4 Qxf4 34. Qe1 Qe5 35. Rd1
f4 36. g6 Rf5 37. gxh7+ Kxh7 38. Qh4 Qf6 39. Qxf6 Rxf6 40. Re1 Kh6 41. Rxe4
Rff8 42. Kf2 Rxe4 43. Bxe4 b5 44. axb5 axb5 45. Kf3 bxc4 46. bxc4 Ne8 47. Bg6
Nf6 48. Rh4 Nd7 49. Rxf4 Ne5+ 50. Kg3 Rxf4 51. Kxf4 Nxc4 52. g4 Ne5 53. g5+ Kg7
54. Bc2 Nc4 55. h6+ Kf7 56. g6+ Kf6 57. g7 Kf7 58. Bh7 1-0

[Event "Championnat de France - Vétérans"]
[Site "PAU"]
[Date "2012.08.24"]
[Round "10.3"]
[White "Andrieu, Philippe"]
[Black "Tilquin, Jean-Pierre"]
[Result "0-1"]
[WhiteElo "1890"]
[BlackElo "2000"]
[PlyCount "98"]

1. d4 Nf6 2. Nc3 c5 3. d5 g6 4. e4 d6 5. Nf3 Bg7 6. Bb5+ Nbd7 7. O-O a6 8.
Bxd7+ Nxd7 9. a4 O-O 10. Qe2 Rb8 11. Bf4 f6 12. Rfd1 Qc7 13. Qd2 Rd8 14. h3 Nf8
15. Bh6 Bh8 16. Ne2 f5 17. c3 b5 18. exf5 Bxf5 19. Ng3 Bc8 20. Ng5 b4 21. c4 b3
22. Re1 Rb4 23. Re4 Re8 24. Rae1 Rxa4 25. Bxf8 Rxf8 26. Rxe7 Qa5 27. Qc1 Ra2
28. Re8 Be5 29. Rxf8+ Kxf8 30. Qd1 Kg7 31. f4 Bf6 32. Ne6+ Kf7 33. f5 Rxb2 34.
fxg6+ hxg6 35. Rf1 Qc3 36. Rxf6+ Qxf6 37. Ne4 Qe7 38. Qf3+ Kg8 39. Nf6+ Kf7 40.
Ng4+ Kg8 41. Nf6+ Kf7 42. Ng5+ Kg7 43. Nge4 Bf5 44. Nh5+ Kh8 45. Neg3 Rb1+ 46.
Kh2 Qe5 47. Nf4 b2 48. Nxg6+ Bxg6 49. Qc3 Rh1+ 0-1

[Event "Championnat de France - Vétérans"]
[Site "PAU"]
[Date "2012.08.24"]
[Round "10.4"]
[White "Hoyer, Hans-Gerd"]
[Black "Rosenfeld, Imre"]
[Result "1-0"]
[WhiteElo "1990"]
[BlackElo "1898"]
[PlyCount "107"]

1. e4 c6 2. d3 d5 3. Nd2 dxe4 4. dxe4 e5 5. Ngf3 Qc7 6. Bc4 Be7 7. Nf1 b5 8.
Bd3 Nd7 9. c3 Nc5 10. Bc2 h6 11. Ng3 g6 12. O-O Be6 13. Be3 Nf6 14. h3 a6 15.
Qc1 Bf8 16. b3 Nb7 17. a4 Nd7 18. axb5 cxb5 19. Qd2 Bg7 20. b4 Nb6 21. Bd3 Nd6
22. Bc5 Bc4 23. Rfd1 Bxd3 24. Qxd3 Ndc4 25. Bxb6 Nxb6 26. Rxa6 O-O 27. Qxb5
Rxa6 28. Qxa6 Nc4 29. Qa2 Rc8 30. Ne2 Qc6 31. Rd5 Ra8 32. Qb1 Qe6 33. Qd1 Kh7
34. Nd2 Nd6 35. Rc5 f5 36. exf5 Qxf5 37. Ng3 Qd3 38. Qe2 Qc2 39. Ndf1 Qb1 40.
Rc7 e4 41. Qd2 Qd3 42. Rd7 Qxd2 43. Nxd2 Ra6 44. Ndxe4 Nxe4 45. Nxe4 Kg8 46. g3
Re6 47. f3 Ra6 48. Kf2 Rc6 49. Rd3 Rb6 50. g4 Be5 51. f4 Bb8 52. Kf3 g5 53. Nc5
Bd6 54. Nd7 1-0

[Event "Championnat de France - Vétérans"]
[Site "PAU"]
[Date "2012.08.24"]
[Round "10.5"]
[White "Darrigues, Alain"]
[Black "Hodot, Yves"]
[Result "1-0"]
[WhiteElo "1955"]
[BlackElo "1903"]
[PlyCount "69"]

1. d4 f5 2. e4 fxe4 3. Nc3 Nf6 4. Bg5 b6 5. Bxf6 exf6 6. Qh5+ g6 7. Qd5 c6 8.
Qxe4+ Be7 9. d5 O-O 10. Bc4 Kg7 11. O-O-O Bb4 12. Nge2 b5 13. Bb3 Qa5 14. d6
Qd8 15. Qxb4 a5 16. Qd4 a4 17. Nxa4 bxa4 18. Bc4 c5 19. Qc3 Nc6 20. Rhe1 a3 21.
b3 Qa5 22. Qxa5 Nxa5 23. Bb5 Ba6 24. Bxd7 c4 25. Nf4 cxb3 26. cxb3 Rfb8 27.
Ne6+ Kh6 28. Re3 g5 29. Ba4 Bb5 30. Bxb5 Rxb5 31. d7 Nc6 32. Rc3 Nd8 33. Nc7
Rba5 34. Nxa8 Rxa8 35. Rc8 1-0

[Event "Championnat de France - Vétérans"]
[Site "PAU"]
[Date "2012.08.24"]
[Round "10.6"]
[White "Pinchon, Henri"]
[Black "Pont, Jean-Claude"]
[Result "1-0"]
[WhiteElo "1886"]
[BlackElo "1865"]
[PlyCount "135"]

1. e4 c6 2. d4 d5 3. exd5 cxd5 4. Nf3 Bg4 5. Be2 Nc6 6. O-O e6 7. c3 Bd6 8. h3
Bh5 9. Re1 Nge7 10. Nbd2 a6 11. Nf1 Qc7 12. a4 Rc8 13. Ne3 O-O 14. Nh4 Bxe2 15.
Qxe2 Na5 16. Qd1 Nc4 17. Nf3 Bf4 18. Qe2 Nxe3 19. Bxe3 Nf5 20. Bxf4 Qxf4 21.
Ne5 Qg5 22. Kh2 Nd6 23. Kg1 Nc4 24. Nf3 Qd8 25. Reb1 Qc7 26. Ne1 a5 27. Nd3 b6
28. b4 axb4 29. cxb4 Qa7 30. g3 b5 31. Nc5 bxa4 32. Rxa4 Qe7 33. Rba1 Qg5 34.
h4 Qf5 35. Ra7 Nd6 36. b5 Ne4 37. Nxe4 dxe4 38. b6 Rb8 39. b7 Qd5 40. Qb2 f5
41. R1a5 Qd6 42. R5a6 Qc7 43. Rxe6 f4 44. Re5 fxg3 45. fxg3 Kh8 46. Kg2 Qc4 47.
Ra1 Qd3 48. d5 e3 49. Kh3 h6 50. Re1 Rf2 51. Qb1 Qxb1 52. Rxb1 Kh7 53. d6 Rd2
54. Rxe3 Rxd6 55. Re7 Kg6 56. Rc1 Kf6 57. Rcc7 g5 58. h5 Kf5 59. Rf7+ Ke5 60.
Rg7 Kd5 61. Kg4 Rb6 62. Rh7 Rb4+ 63. Kh3 Rb6 64. Rcf7 Kc5 65. Kg4 Kb5 66. Kf5
Ka6 67. Rf6 R8xb7 68. Rxb7 1-0

[Event "Championnat de France - Vétérans"]
[Site "PAU"]
[Date "2012.08.24"]
[Round "10.7"]
[White "Violeau, Jean-Luc"]
[Black "Grizou, Regis"]
[Result "0-1"]
[WhiteElo "1887"]
[BlackElo "2159"]
[PlyCount "50"]

1. Nf3 Nf6 2. c4 e6 3. Nc3 d5 4. d4 Bb4 5. Bg5 dxc4 6. e4 c5 7. Bxc4 cxd4 8.
Nxd4 Qa5 9. Bxf6 Bxc3+ 10. bxc3 Qxc3+ 11. Kf1 gxf6 12. Rc1 Qa5 13. Bb5+ Ke7 14.
Qc2 Qb6 15. Qc7+ Bd7 16. Qxb6 axb6 17. Bc4 Ra4 18. Ke2 b5 19. Nxb5 Rxc4 20.
Rxc4 Bxb5 21. Kd3 Rc8 22. Rhc1 Rxc4 23. Rxc4 Nc6 24. Kc3 Bxc4 25. Kxc4 Kd6 0-1

[Event "Championnat de France - Vétérans"]
[Site "PAU"]
[Date "2012.08.24"]
[Round "10.8"]
[White "Marbot, Raymond"]
[Black "Birens, Eric-Andre"]
[Result "0-1"]
[WhiteElo "1822"]
[BlackElo "1955"]
[Annotator "Rivier,Sylvain"]
[PlyCount "27"]

1. e4 c5 2. Nf3 d6 3. d4 cxd4 4. Nxd4 Nf6 5. Nc3 a6 6. Bg5 e6 7. f4 Be7 8. Qd3
h6 9. Bh4 Qc7 10. O-O-O Nbd7 11. Kb1 g5 12. fxg5 Ng4 13. Bf2 hxg5 14. Nf3 {
suite illisible} 0-1

[Event "Championnat de France - Vétérans"]
[Site "PAU"]
[Date "2012.08.24"]
[Round "10.9"]
[White "Cortes, Jaime"]
[Black "Carrot, Patrick"]
[Result "1-0"]
[WhiteElo "1895"]
[BlackElo "1864"]
[Annotator "Rivier,Sylvain"]
[PlyCount "40"]

1. c4 Nf6 2. Nc3 d5 3. cxd5 Nxd5 4. g3 g6 5. Bg2 c6 6. e3 Bg7 7. Nge2 O-O 8.
O-O e5 9. Qb3 Nb6 10. Rd1 Be6 11. Qc2 Qe7 12. d4 Rd8 13. b3 Nd5 14. Bb2 Nxc3
15. Qxc3 exd4 16. Nxd4 Qe8 17. Qc2 Nd7 18. Rd2 Nf6 19. Rad1 Bd5 20. Bxd5 Rxd5 {
suite illisible} 1-0

[Event "Championnat de France - Vétérans"]
[Site "PAU"]
[Date "2012.08.24"]
[Round "10.10"]
[White "Fernandez, Clement"]
[Black "Dubreuil, Remy"]
[Result "1/2-1/2"]
[WhiteElo "1725"]
[BlackElo "1854"]
[Annotator "Rivier,Sylvain"]
[PlyCount "54"]

1. d4 Nf6 2. Nf3 g6 3. Bg5 Bg7 4. Nbd2 h6 5. Bxf6 Bxf6 6. e4 c5 7. c3 cxd4 8.
Nxd4 O-O 9. Bc4 Qb6 10. N2b3 Nc6 11. Nxc6 dxc6 12. Qc2 e5 13. O-O Qc7 14. Nd2
b5 15. Bb3 Bb7 16. a4 a6 17. axb5 cxb5 18. Rfd1 Rfd8 19. Nf3 Qc5 20. Qe2 Kg7
21. Ne1 h5 22. Nd3 Qb6 23. Nb4 Be7 24. Qf3 f6 25. Nd5 Bxd5 26. Bxd5 Rab8 27.
Qe2 Rd6 {suite illisible} 1/2-1/2

[Event "Championnat de France - Vétérans"]
[Site "PAU"]
[Date "2012.08.25"]
[Round "11.1"]
[White "Pinchon, Henri"]
[Black "Weill, Roland"]
[Result "0-1"]
[WhiteElo "1886"]
[BlackElo "2185"]
[PlyCount "116"]

1. e4 e5 2. Nf3 Nc6 3. Bb5 a6 4. Bxc6 dxc6 5. h3 f6 6. d3 Bd6 7. Be3 Ne7 8. Nc3
O-O 9. O-O Ng6 10. Ne2 Be6 11. a3 Qd7 12. Kh2 Kh8 13. Nfg1 f5 14. f3 Nf4 15.
Nxf4 exf4 16. Bf2 Rad8 17. Re1 fxe4 18. dxe4 Be5 19. c3 Qd2 20. Qe2 Bb3 21. Bd4
Bxd4 22. cxd4 Qxd4 23. Rec1 h6 24. Rc3 Be6 25. Rac1 Qd2 26. R1c2 Qd1 27. b4
Qxe2 28. Nxe2 g5 29. g3 fxg3+ 30. Kxg3 Kg7 31. f4 gxf4+ 32. Nxf4 Bf7 33. Re2
Rd4 34. Ree3 Re8 35. Kf3 Rd1 36. Rc2 Re5 37. Rcc3 Rf1+ 38. Kg3 Rg5+ 39. Kh2
Rf2+ 40. Kh1 Rxf4 41. Rcd3 Be6 42. a4 Kf7 43. Rd8 Rf1+ 44. Kh2 Rf2+ 45. Kh1 a5
46. Rb8 axb4 47. Rxb7 b3 48. Rxc7+ Kf6 49. Rxc6 b2 50. Rb6 Rf1+ 51. Kh2 b1=Q
52. Rxb1 Rxb1 53. Ra3 Rb2+ 54. Kh1 Rc5 55. Ra1 Rcc2 56. a5 Rh2+ 57. Kg1 Rbg2+
58. Kf1 Bc4+ 0-1

[Event "Championnat de France - Vétérans"]
[Site "PAU"]
[Date "2012.08.25"]
[Round "11.2"]
[White "Giffard, Nicolas"]
[Black "Darrigues, Alain"]
[Result "1-0"]
[WhiteElo "2363"]
[BlackElo "1955"]
[PlyCount "123"]

1. d4 Nf6 2. c4 c5 3. d5 e6 4. Nc3 exd5 5. cxd5 d6 6. Nf3 g6 7. Bg5 h6 8. Bh4
Bg7 9. e4 O-O 10. Nd2 a6 11. a4 Nbd7 12. Be2 Re8 13. O-O g5 14. Bg3 Ne5 15. f4
gxf4 16. Bxf4 Qe7 17. h3 b6 18. Rf2 Bb7 19. Kh1 Ng6 20. Bg3 Nd7 21. Nc4 Bxc3
22. bxc3 Qxe4 23. Nxd6 Qxd5 24. Qxd5 Bxd5 25. Nxe8 Rxe8 26. Bxa6 Re3 27. Kh2
Rxc3 28. Bb5 Nde5 29. Rd1 Be6 30. Rd6 Nc4 31. Rd8+ Kg7 32. Rb8 Rc1 33. Re2 h5
34. Bc7 h4 35. Bd8 Bd5 36. Bg5 Rf1 37. Rc2 Rf5 38. Bxc4 Bxc4 39. Rxc4 Rxg5 40.
Rxb6 Rd5 41. a5 Rd2 42. Rxc5 Ra2 43. a6 Ra1 44. Rf5 Ne7 45. Rf4 Ng6 46. Rfb4
Kh7 47. Rb1 Ra2 48. Rf1 Kg7 49. Rbf6 Kh6 50. R1f2 Ra1 51. Rf1 Ra2 52. R1f4 Kg5
53. R4f5+ Kh6 54. Rc5 Kg7 55. Rb6 Kh7 56. Rc7 Ne5 57. Kg1 Kg7 58. a7 Nd3 59.
Rb8 Ra1+ 60. Kh2 Nf2 61. g3 Ra2 62. gxh4 1-0

[Event "Championnat de France - Vétérans"]
[Site "PAU"]
[Date "2012.08.25"]
[Round "11.3"]
[White "Tilquin, Jean-Pierre"]
[Black "Dussol, Pierre"]
[Result "0-1"]
[WhiteElo "2000"]
[BlackElo "2210"]
[PlyCount "78"]

1. d4 Nf6 2. c4 c5 3. d5 e5 4. Nc3 d6 5. e4 Nbd7 6. Bd3 Be7 7. Nge2 Nh5 8. g4
Nhf6 9. Ng3 g6 10. Bh6 Bf8 11. Be3 h5 12. gxh5 Nxh5 13. Nxh5 Rxh5 14. Be2 Rh4
15. Bg4 Be7 16. Bxd7+ Bxd7 17. Qe2 Bg5 18. O-O-O Bg4 19. f3 Rh3 20. Rhf1 Bxe3+
21. Qxe3 Qf6 22. Rd3 Rxh2 23. Qg1 Qf4+ 24. Kb1 Bh5 25. Ne2 Qh4 26. Ng3 O-O-O
27. b4 b6 28. bxc5 dxc5 29. a4 f5 30. a5 f4 31. axb6 axb6 32. Nxh5 Qxh5 33. Rc1
Rd6 34. Qd1 Qh3 35. Qa4 Kd8 36. Ra3 Ke7 37. Qa8 Qg2 38. Ra7+ Kf6 39. Qf8+ Kg5
0-1

[Event "Championnat de France - Vétérans"]
[Site "PAU"]
[Date "2012.08.25"]
[Round "11.5"]
[White "Birens, Eric-Andre"]
[Black "Cortes, Jaime"]
[Result "1-0"]
[WhiteElo "1955"]
[BlackElo "1895"]
[PlyCount "55"]

1. d4 Nf6 2. c4 e6 3. Nc3 d5 4. Nf3 c6 5. Bg5 Nbd7 6. e3 Bb4 7. cxd5 exd5 8.
Bd3 Be7 9. O-O O-O 10. Qc2 h6 11. Bh4 Re8 12. Rfd1 Ne4 13. Bxe7 Qxe7 14. Nd2
Ndf6 15. Bxe4 Nxe4 16. Ndxe4 dxe4 17. d5 Bd7 18. Rd4 Bf5 19. dxc6 bxc6 20. Rad1
Rad8 21. h3 Rxd4 22. Rxd4 Qe6 23. Qd2 Kh7 24. b3 Rc8 25. Rd6 Qe7 26. Qd4 Qh4
27. Qc5 Qg5 28. Nxe4 1-0

[Event "Championnat de France - Vétérans"]
[Site "PAU"]
[Date "2012.08.25"]
[Round "11.6"]
[White "Ruiz, Richard"]
[Black "Andrieu, Philippe"]
[Result "0-1"]
[WhiteElo "2119"]
[BlackElo "1890"]
[PlyCount "88"]

1. d4 d5 2. Nf3 Nc6 3. Nc3 Bg4 4. Bf4 Nf6 5. e3 e6 6. a3 Bd6 7. Bxd6 cxd6 8.
Be2 Ne4 9. Nxe4 dxe4 10. Nd2 Bxe2 11. Qxe2 d5 12. O-O O-O 13. c4 Qg5 14. cxd5
exd5 15. Rac1 f5 16. f4 Qf6 17. b4 a6 18. Nb3 Rfd8 19. Rc2 Ne7 20. Nc5 b6 21.
Nb3 Rdc8 22. Rfc1 Rxc2 23. Rxc2 Nc8 24. Nd2 Nd6 25. Rc6 Qd8 26. g4 Rc8 27. Rxc8
Qxc8 28. gxf5 Nxf5 29. Nf1 b5 30. Qg4 g6 31. Qg5 Kg7 32. Qg2 Qc1 33. Qg5 Qc8
34. Qg4 h6 35. h4 Qc1 36. Qh3 h5 37. Kf2 Qxa3 38. Kg1 Qxb4 39. Qg2 Nxh4 40. Qh3
Nf3+ 41. Kg2 Qe7 42. Ng3 Qc7 43. Nf1 Qc2+ 44. Kg3 h4+ 0-1

[Event "Championnat de France - Vétérans"]
[Site "PAU"]
[Date "2012.08.25"]
[Round "11.7"]
[White "Peyrin, Jean"]
[Black "Chabeaud, Jean-Jacques"]
[Result "1-0"]
[WhiteElo "1949"]
[BlackElo "1846"]
[PlyCount "91"]

1. d4 d5 2. c4 c6 3. Nc3 Nf6 4. Bf4 dxc4 5. a4 Nd5 6. Bg3 Nxc3 7. bxc3 b5 8. e3
Bb7 9. Qb1 Ba6 10. axb5 Bxb5 11. Nf3 Nd7 12. Be2 Nb6 13. O-O Nd5 14. Qc2 e6 15.
e4 Nb6 16. Rfd1 Bd6 17. Ne5 Bxe5 18. Bxe5 f6 19. Bg3 O-O 20. Ra3 Qe7 21. Rda1
a6 22. R3a2 Rfe8 23. h3 Nd7 24. Rd1 Nb6 25. Bf3 Red8 26. Raa1 Ra7 27. Rd2 Kh8
28. Qd1 Qf7 29. Bf4 Rad7 30. Be3 Nc8 31. Qc2 e5 32. Rad1 exd4 33. Rxd4 Rxd4 34.
Rxd4 Rxd4 35. Bxd4 a5 36. Qa2 a4 37. Bc5 h6 38. Qa3 Qb7 39. Bg4 g6 40. Bd4 Qe7
41. Qxe7 Nxe7 42. Bxf6+ Kg8 43. Bxe7 Kf7 44. Ba3 h5 45. Bc8 Kf6 46. f4 1-0

[Event "Championnat de France - Vétérans"]
[Site "PAU"]
[Date "2012.08.25"]
[Round "11.8"]
[White "Hodot, Yves"]
[Black "Fernandez, Clement"]
[Result "1-0"]
[WhiteElo "1903"]
[BlackElo "1725"]
[PlyCount "43"]

1. e4 e6 2. d4 d5 3. Nc3 dxe4 4. Nxe4 Nd7 5. Nf3 Ngf6 6. Nc3 c5 7. d5 exd5 8.
Nxd5 Nxd5 9. Qxd5 Be7 10. Be3 Qa5+ 11. Nd2 O-O 12. Bd3 Nf6 13. Qe5 Re8 14. O-O
Bd8 15. Qg3 Bc7 16. Qh4 Qb4 17. Nc4 Be5 18. Bg5 h6 19. Bd2 Qa4 20. Bxh6 Be6 21.
Bxg7 Bxc4 22. Qh8# 1-0